Indigo - Sam Barber Feat. Avery Anna - All Lyrics - Statistics

General Stats
  • This quiz has been taken 99 times
  • The average score is 273 of 321
Answer Stats
Answer % Correct
a
100%
I
100%
I'm
100%
in
100%
indigo
100%
Mmm
100%
all
98%
now
98%
Now
98%
Oh,
98%
colors
96%
my
96%
My
96%
gold,
94%
to
94%
used
94%
And
91%
and
91%
like
91%
shine
91%
then
91%
bright
89%
me
89%
it's
87%
startin'
87%
true
87%
wonder
87%
ya
87%
don't
85%
if
85%
If
85%
lesson
85%
that
85%
God's
83%
home
83%
question
83%
teach
83%
think
83%
time
83%
tryna
83%
went
83%
why
83%
alone
81%
always
81%
dead
81%
feel
81%
left
81%
the
81%
understand
81%
are
79%
darker
79%
since
79%
changed
77%
cold
77%
of
77%
tired
77%
but
74%
know
74%
way
74%
you're
74%
find
72%
heart,
72%
So
72%
won't
72%
worried
72%
at
70%
each
70%
feet
70%
head
70%
myself
70%
night
70%
day
68%
get
66%
just
66%
never
66%
says
66%
through
66%
will
66%
close
64%
death
64%
gave
64%
lyin'
64%
piece
64%
soon
64%
clouds,
62%
head's
62%
lead
62%
shoulda
62%
sun
62%
they
62%
turn
60%
up
60%
tears
57%
fall
55%
run
55%
away
53%
from
53%
face
51%
fades
51%
into
51%
light
51%
save
51%
turned
51%
hope
49%
knows
49%
knows)
49%
words
49%
Lord
47%
(Lord
47%
faith,
45%
rain
45%
Well,
23%
No matching quizzes found
Score Distribution
Percent of People with Each Score
Percentile by Number Answered
Your Score History
You have not taken this quiz